10 Most Common Birds In The World - Statistics

General Stats
  • This quiz has been taken 95 times
  • The average score is 6 of 10
Answer Stats
Picture Hint Answer % Correct
Population Size: 30 billion Chicken
99%
Population Size: 475 million Mourning Dove
84%
Population Size: 310 million American Robin
75%
Population Size: 160-220 million Common Pheasant
73%
Population Size: 200 million Chipping Sparrow
56%
Population Size: 100-199 million Common Starling
53%
Population Size: 210 million Red-Winged Blackbird
51%
Population Size: 95-164 million Common Swift
45%
Population Size: 130 million Yellow-Rumped Warbler
25%
Population Size: 1.5 billion Red-Billed Quelea
11%
No matching quizzes found
Score Distribution
Percent of People with Each Score
Percentile by Number Answered
Your Score History
You have not taken this quiz